000 00417nam a2200157 i 4500
001 bg
100 1 _aGOŹDZIEWSKA, Zofia
245 0 _aWewnętrzne okładziny ścienne /
_cZofia Goździewska.
260 _aWarszawa :
_bArkady,
_c1977.
300 _as. 62, nlb. 4 :
_brys., ilustr., tabl. barwne.
040 _cBPK
041 _apol
080 _a693.69
942 _cKS
008 s pl f |000 0 pol
999 _c26998
_d26998
856 _uhttp://koha.tu.koszalin.pl/cgi-bin/koha/opac-detail.pl?biblionumber=26998
_yKatalog online BPK